000 00411nam a22001577a 4500
003 OSt
005 20231212070644.0
008 221210b xxu||||| |||| 00| 0 eng d
020 _a81-7629-169-2
040 _cIIMT UNIVERSITY, MEERUT
100 _aSAINI, A.K
245 _aMANAGEMENT INFORMATION SYSTEM IN HOSPITALS
260 _aNEW DELHI
_bDEEP & DEEP PUB.
_c2016
300 _a341
942 _2ddc
_c01
_e1 EDI.
999 _c56160
_d56160